[Event "9th North American Inv"]
[Site "Chicago USA"]
[Date "2008.03.27"]
[Round "8"]
[White "Pasalic,M"]
[Black "Arjun,V"]
[Result "1-0"]
[WhiteElo "2395"]
[BlackElo "2392"]

1.e4 c5 2.Nf3 Nc6 3.Bb5 e6 4.O-O Nge7 5.Re1 a6 6.Bf1 d5 7.exd5 Qxd5 8.Nc3 Qd8
9.d3 Nf5 10.Ne4 Be7 11.c3 b6 12.a3 a5 13.a4 O-O 14.Bf4 Qd5 15.Ned2 f6 16.Nc4 Bd8
17.Ne3 Nxe3 18.fxe3 e5 19.e4 Qd6 20.Bg3 Be6 21.Nd2 Bc7 22.b3 Rad8 23.Qc2 Ne7
24.Rad1 Qc6 25.Nc4 Rd7 26.Ne3 Rfd8 27.Be2 Ng6 28.c4 Nf4 29.Nd5 Rf7 30.Bf3 Bc8
31.Rb1 Ne6 32.Bg4 Nd4 33.Qd1 Bd6 34.Bxc8 Rxc8 35.Rf1 Rcf8 36.Bf2 Ne6 37.Be3 Nc7
38.g4 Nxd5 39.cxd5 Qd7 40.Qf3 g6 41.Kh1 f5 42.gxf5 gxf5 43.Bh6 Re8 44.Rg1+ Kh8
45.Rbf1 Bf8 46.Qh5 Bxh6 47.Qxh6 Ref8 48.Qe6 Qe8 49.Rxf5 Rxf5 50.exf5 Qf7
51.d6 Qb7+ 52.Rg2  1-0

[Event "2nd Agzamov Memorial"]
[Site "Tashkent UZB"]
[Date "2008.03.27"]
[Round "8"]
[White "Faizulaev,A"]
[Black "Holmirzaev,B"]
[Result "1-0"]
[WhiteElo "2239"]
[BlackElo "2199"]

1.e4 c5 2.Nf3 Nc6 3.Bb5 a6 4.Bxc6 dxc6 5.d3 Qc7 6.O-O e5 7.a4 a5 8.Na3 f6
9.Be3 Be6 10.Nd2 g5 11.Ndc4 h5 12.c3 Rb8 13.Nc2 h4 14.Qe2 Nh6 15.f3 b6 16.d4 exd4
17.cxd4 b5 18.N4a3 Bd6 19.e5 fxe5 20.dxc5 Be7 21.axb5 cxb5 22.Nxb5 Qd7 23.Rxa5 O-O
24.Ra7 Rb7 25.Rxb7 Qxb7 26.Ra1 Nf5 27.Bf2 Bd7 28.Nca3 h3 29.Rc1 Rf6 30.Nd6 Nxd6
31.cxd6 Bxd6 32.Nc4 Bb8 33.Qd2 hxg2 34.Qxg5+ Kf7 35.Qh5+ Kg7 36.Rd1 Qb5 37.Qg5+ Kf7
38.Qh5+ Rg6 39.Rd6 Qxc4 40.Qxg6+ Kf8 41.Rf6+ Ke7 42.Qg7+ Kd8 43.Bb6+ Kc8
44.Rf8+ Kb7 45.Qxd7+  1-0

[Event "TCh-ISR"]
[Site "Israel ISR"]
[Date "2008.03.28"]
[Round "4"]
[White "Tseitlin,Ma"]
[Black "Zaslavsky,M"]
[Result "1/2-1/2"]
[WhiteElo "2489"]
[BlackElo "2326"]

1.e4 c5 2.Nf3 Nc6 3.Bb5 g6 4.Bxc6 dxc6 5.d3 Bg7 6.h3 Nf6 7.Nc3 Nd7 8.Be3 e5
9.Qd2 h6 10.O-O Qe7 11.Nh2 Nf8 12.f4 exf4 13.Bxf4 Ne6 14.Be3 Nd4 15.Nf3 Be6
16.e5 Nxf3+ 17.Rxf3 Bxe5 18.Ne4 O-O-O 19.Bxc5 Qc7 20.Re1 b6 21.Be3 Bd5 22.Bf4 Bxf4
23.Rxf4 Rhe8 24.Rf2 Bxe4 25.Rfe2 f5 26.Qxh6 Qg3 27.Qe3 Bf3 28.Qxf3 Qxe1+
29.Rxe1 Rxe1+ 30.Kh2 Rd6 31.b4 Rde6 32.Qf4 R1e2 33.Qc4 g5 34.Qc3 f4 35.Qg7 R6e3
36.Qg8+ Kb7 37.Qf7+  1/2-1/2

[Event "ch-SRB"]
[Site "Mataruska Banja SRB"]
[Date "2008.03.28"]
[Round "13"]
[White "Velickovic,Sa"]
[Black "Miladinovic,I"]
[Result "1/2-1/2"]
[WhiteElo "2401"]
[BlackElo "2604"]

1.e4 c5 2.Nf3 Nc6 3.Bb5 e6 4.O-O Nge7 5.c3 a6 6.Ba4 b5 7.Bc2 Bb7 8.d3 Ng6
9.Re1 Rc8 10.a4 b4 11.d4 bxc3 12.Nxc3 cxd4 13.Nxd4 Nb4 14.Nf3 Be7 15.Bb1 O-O
16.Be3 Nc6 17.Qe2 Bb4 18.Bd3 Qa5 19.Nd2 Bxc3 20.bxc3 Nce5 21.Nc4 Nxc4 22.Bxc4 Ne5
23.Ba2 Qxc3 24.Red1 Ng6 25.f3 Bc6 26.Rdc1 Qe5 27.Bb3 f5 28.exf5 Rxf5 29.Re1 Rcf8
30.Bd2 Qf6 31.Rac1 Bd5 32.Bc2 Nf4 33.Bxf4 Rxf4 34.Rcd1 a5 35.Qe3 Bc6 36.Rd2 g6
37.Qe5 Qf7 38.Re3 Ra8 39.Be4 Bxe4 40.Rxe4 Rxe4 41.Qxe4 d5 42.Qe5 Rc8 43.g4 h5
44.h3 Kh7 45.Kg2 h4 46.Qg5 Kg8 47.Qxh4 Rf8 48.Qg3 Qf6 49.h4 d4 50.g5 Qf4
51.Qxf4 Rxf4 52.Kg3 e5 53.Re2 d3 54.Rxe5 Rd4 55.Re1 d2 56.Rd1 Kf7 57.Kf2 Ke6
58.Ke3 Rxh4 59.Rxd2 Rxa4 60.Rc2 Ra3+ 61.Ke4 Ra4+ 62.Ke3 Ra3+ 63.Ke4 Ra4+  1/2-1/2

[Event "ch-SRB"]
[Site "Mataruska Banja SRB"]
[Date "2008.03.28"]
[Round "13"]
[White "Pikula,D"]
[Black "Bogosavljevic,B"]
[Result "0-1"]
[WhiteElo "2524"]
[BlackElo "2492"]

1.e4 c5 2.Nf3 Nc6 3.Bb5 g6 4.Bxc6 dxc6 5.d3 Bg7 6.h3 b6 7.a3 a5 8.O-O e5
9.Be3 Ne7 10.Nbd2 a4 11.Nc4 f6 12.b3 O-O 13.b4 b5 14.Na5 cxb4 15.axb4 g5
16.d4 g4 17.hxg4 Bxg4 18.dxe5 Qe8 19.Bc5 Rd8 20.Qe2 fxe5 21.Ra3 Rf6 22.Rd1 Rxd1+
23.Qxd1 Ng6 24.Rd3 Bf8 25.Rd8 Bxf3 26.gxf3 Qe6 27.Qd7 Qxd7 28.Rxd7 Bxc5 29.bxc5 Nh4
30.Rd6 Rxd6 31.cxd6 Kf7 32.f4 exf4 33.Nxc6 Ke6 34.e5 Nf5 35.Kg2 a3 36.Nb4 Nh4+
37.Kh3 Ng6 38.Kg4 Nxe5+ 39.Kxf4 Kxd6 40.Ke4 Nc6 41.Na2 Kc5 42.Nc1 Kc4 43.f4 Kc3
44.Kd5 Kb2 45.Nb3 Nd8  0-1

[Event "FKB ch-USA Qualifier"]
[Site "Tulsa USA"]
[Date "2008.03.29"]
[Round "3"]
[White "Zilberstein,Dm"]
[Black "Aigner,M USA"]
[Result "1/2-1/2"]
[WhiteElo "2411"]
[BlackElo "2242"]

1.e4 c5 2.Nf3 Nc6 3.Bb5 g6 4.Bxc6 dxc6 5.d3 Bg7 6.h3 Nf6 7.Nc3 Nd7 8.Be3 e5
9.Qd2 Qe7 10.O-O Nf8 11.Nh2 Ne6 12.Ne2 b6 13.Bh6 Bxh6 14.Qxh6 Qf8 15.Qd2 g5
16.Qc3 Qd6 17.a3 f6 18.b4 h5 19.bxc5 Qxc5 20.Qxc5 Nxc5 21.a4 Ne6 22.Rfb1 Bd7
23.Nf1 Nf4 24.Nc3 h4 25.Ne3 Rg8 26.f3 Ke7 27.Kf2 Be6 28.Rb2 Rgd8 29.Rab1 Rd4
30.Rb4 Rad8 31.R4b2 Ng6 32.Ra1 Nf4 33.Rab1 Ng6  1/2-1/2

[Event "Sozina Open"]
[Site "Bar MNE"]
[Date "2008.03.30"]
[Round "3"]
[White "Boshku,H"]
[Black "Damjanovic,D"]
[Result "1/2-1/2"]
[WhiteElo "2345"]
[BlackElo "2301"]

1.e4 c5 2.Nf3 Nc6 3.Bb5 d6 4.c3 Bd7 5.O-O Nf6 6.Re1 a6 7.Bf1 Bg4 8.h3 Bh5
9.d3 e6 10.Nbd2 Be7 11.g4 Bg6 12.Bg2 Nd7 13.Nf1 h6 14.Ng3 O-O 15.Nh2 Bh4
16.Nhf1 Qc7 17.f4 Rae8 18.Kh2 Bh7 19.Be3 Ne7 20.Bf2 d5 21.Qf3 b5 22.Ne3 Nf6
23.Nh5 Nxh5 24.gxh5 dxe4 25.dxe4 Bxe4 26.Qxe4 Bxf2 27.Re2 Bxe3 28.Qxe3 Nd5
29.Qe5 Qxe5 30.fxe5 Nf4 31.Rd2 c4 32.a4 Rd8 33.Rad1 Rxd2 34.Rxd2 Nd3 35.a5 Rb8
36.b4 Kf8 37.Be4 Ke7 38.Bxd3 Rd8 39.Kg3 Rd5 40.Kf4 f6 41.Rg2 fxe5+ 42.Ke4 Rxd3
43.Rxg7+ Kd6 44.Ra7 Rxc3 45.Rxa6+ Ke7 46.Rb6 Rxh3 47.Rxb5 Rh4+ 48.Ke3 Kd6
49.Kd2 Rxh5 50.Kc3 Rh1 51.Kxc4 Rc1+ 52.Kd3 Rd1+ 53.Ke3 h5 54.Rb8 Ra1 55.Ke4 h4
56.Rb6+ Kd7 57.Rb7+ Kc8 58.Rh7 Ra4 59.Kxe5 Rxb4 60.Kd6  1/2-1/2

[Event "Spring Open"]
[Site "Belgrade SCG"]
[Date "2008.03.30"]
[Round "6"]
[White "Lukovic,V"]
[Black "Tausanov,M"]
[Result "1-0"]
[WhiteElo "1943"]
[BlackElo "1850"]

1.e4 c5 2.Nf3 Nc6 3.Bb5 g6 4.Bxc6 dxc6 5.d3 Bg7 6.h3 Nf6 7.O-O O-O 8.Re1 h6
9.Nc3 Kh7 10.e5 Nd5 11.Ne4 b6 12.Bd2 Bf5 13.Ng3 Bc8 14.Qe2 Nc7 15.Rad1 Ne6
16.Bc3 Nd4 17.Bxd4 cxd4 18.Qe4 Qc7 19.Nxd4 Bb7 20.Qe3 c5 21.Nf3 Rad8 22.b3 Bxf3
23.gxf3 Rd5 24.f4 Kh8 25.c4 Rdd8 26.d4 cxd4 27.Rxd4 Rxd4 28.Qxd4 Rd8 29.Qe3 e6
30.Ne4 Bf8 31.Qe2 Qc6 32.f3 Qd7 33.Kg2 Be7 34.Nd6 Bxd6 35.Rd1 Bb4 36.Rxd7 Rxd7
37.Qe3 Kg7 38.a3 Bxa3 39.f5 gxf5 40.Kg3 Bc5 41.Qe1 Rd3 42.b4 Be3 43.Qe2 f4+
44.Kg4 Rd2 45.Qf1 Kg6 46.Qb1+ Kg7 47.Qf1 Rf2 48.Qh1 Rb2 49.Kh5 Rc2 50.Qf1 Rc1
51.Qg2+ Kh7 52.Qe2 Rg1 53.h4 Kg7 54.Qc2 a5 55.bxa5 bxa5 56.c5 a4 57.c6 Bb6
58.c7 Bxc7 59.Qxc7 a3 60.Qa5 Ra1 61.Qc3 Ra2 62.Qd3 Ra1  1-0

[Event "3rd Open"]
[Site "Kolkata IND"]
[Date "2008.03.30"]
[Round "7"]
[White "Neelotpal,D"]
[Black "Solomon,K"]
[Result "1-0"]
[WhiteElo "2486"]
[BlackElo "2332"]

1.e4 c5 2.Nf3 Nc6 3.Bb5 e6 4.O-O Nge7 5.c3 d5 6.exd5 Qxd5 7.Re1 Bd7 8.Na3 O-O-O
9.Bc4 Qh5 10.d4 Be8 11.Be2 Qd5 12.dxc5 Qxd1 13.Bxd1 Nd5 14.Bg5 f6 15.Bd2 Bxc5
16.Rxe6 Bxa3 17.bxa3 Bf7 18.Re1 Nb6 19.Bc2 g6 20.Bh6 Rhg8 21.h4 Rge8 22.Bb3 Bd5
23.Bg7 Rxe1+ 24.Rxe1 Bxf3 25.gxf3 Rd3 26.Re8+ Kc7 27.Bxf6 Rxf3 28.Rf8 Rf5
29.Bg7 Rxf8 30.Bxf8 Nd7 31.Bh6 Ne7 32.Bc2 Kd6 33.Kg2 Ke5 34.Be3 b6 35.Kh3 Nf5
36.Bg5 Nd6 37.Kg4 Kd5 38.Bf4 Nf6+ 39.Kg5 Nde4+ 40.Bxe4+ Nxe4+ 41.Kh6 Ke6
42.Kxh7 Kf7 43.c4 a6 44.f3 Nf6+ 45.Kh6 Nd7 46.a4 a5 47.Bc7 Kf6 48.f4 Kf5
49.Kg7 Nc5 50.Bxb6 Ne6+ 51.Kf7 Nxf4 52.Bxa5 Nd3 53.Bc7 Nb4 54.a5 g5 55.hxg5 Kxg5
56.Bd6 Na6 57.Ke6 Kg6 58.a3 Kg7 59.c5  1-0

[Event "Spring Open"]
[Site "Belgrade SCG"]
[Date "2008.03.31"]
[Round "7"]
[White "Tomin,Ks"]
[Black "Kovacevic,Bo"]
[Result "0-1"]
[WhiteElo "1756"]
[BlackElo "1898"]

1.e4 c5 2.Nf3 Nc6 3.Bb5 d6 4.Bxc6+ bxc6 5.d3 e5 6.h3 Nf6 7.O-O Rb8 8.c3 Be7
9.Qc2 Bb7 10.Be3 O-O 11.Nbd2 Qc7 12.Rfe1 Rfe8 13.Nf1 g6 14.Ng3 Kh8 15.b3 Ng8
16.h4 h5 17.Rad1 Bc8 18.Ng5 f6 19.Nf3 Bg4 20.Kh1 f5 21.Ne2 f4 22.Bc1 Qd8
23.Ng5 Bxg5 24.hxg5 Qxg5 25.f3 Qh4+ 26.Kg1 Bd7 27.d4 cxd4 28.cxd4 Rbd8 29.Qc3 Kh7
30.Rd3 Bc8 31.Red1 Ba6 32.R3d2 Bxe2 33.Rxe2 Rc8 34.dxe5 dxe5 35.Red2 g5 36.Rd7+ Kg6
37.R7d6+ Nf6 38.Rxc6 Rxc6 39.Qxc6 g4 40.Qc5 g3 41.Qxa7 Qh2+ 42.Kf1 h4 43.Qg1 Rc8
44.Ke2 Rc2+ 45.Bd2 Nh5 46.Kd3 Rxa2 47.Rc1 Qxg1 48.Rxg1 Kg5 49.Bc3 Rxg2  0-1

[Event "TCh-RUS w"]
[Site "Dagomys RUS"]
[Date "2008.04.03"]
[Round "2"]
[White "Cherenkova,K"]
[Black "Akatova,E"]
[Result "1/2-1/2"]
[WhiteElo "2279"]
[BlackElo "2320"]

1.e4 c5 2.Nf3 Nc6 3.Bb5 g6 4.O-O Bg7 5.c3 Nf6 6.e5 Nd5 7.d4 cxd4 8.cxd4 Nc7
9.Nc3 Nxb5 10.Nxb5 O-O 11.Be3 a6 12.Nc3 d6 13.exd6 Qxd6 14.h3 Nb4 15.a3 Nd5
16.Nxd5 Qxd5 17.Rc1 Rd8 18.b4 Bf5 19.Rc5 Qa2 20.Qa1 Qxa1 21.Rxa1 Rac8 22.Rac1 Rxc5
23.Rxc5 Be4 24.Ne5 f6 25.Nc4 Bc6 26.Na5 Rd6 27.Nxc6 Rxc6 28.Rxc6 bxc6 29.Kf1 Kf7
30.Ke2 Ke6 31.Kd3 Kd5 32.h4 f5 33.f4 Bf6 34.g3 e6  1/2-1/2

[Event "A.Lutikov Memorial"]
[Site "Tiraspol MDA"]
[Date "2008.04.03"]
[Round "5"]
[White "Susterman,L"]
[Black "Turta,V"]
[Result "1/2-1/2"]
[WhiteElo "2312"]
[BlackElo "2228"]

1.e4 c5 2.Nf3 Nc6 3.Bb5 e5 4.O-O Nf6 5.Bxc6 dxc6 6.Nxe5 Bd6 7.Nf3 Bc7 8.h3 O-O
9.d3 Nh5 10.Nc3 b6 11.Ne2 Qf6 12.Nc3 Qg6 13.Nh4 Qd6 14.Nf3 Qg6 15.Nh4 Qd6
16.Nf3 Qg6  1/2-1/2

[Event "IX Dos Hermanas Internet"]
[Site "ICC INT"]
[Date "2008.04.04"]
[Round "1.4"]
[White "Grigoryan,Av"]
[Black "Kononenko,Dmitry1"]
[Result "0-1"]
[WhiteElo "2537"]
[BlackElo "2485"]

1.Nf3 c5 2.e4 Nc6 3.Bb5 d6 4.O-O Bd7 5.Re1 Nf6 6.c3 a6 7.Bf1 Bg4 8.h3 Bxf3
9.Qxf3 g6 10.d3 Bg7 11.Nd2 O-O 12.Nc4 b5 13.Ne3 Rb8 14.Nd5 b4 15.Qd1 bxc3
16.bxc3 Nxd5 17.exd5 Bxc3 18.Bh6 Nd4 19.Re4 Bxa1 20.Qxa1 Nf5 21.Bg5 f6 22.Bd2 Qd7
23.Qe1 Rf7 24.h4 Qb7 25.Bc3 Qxd5 26.g3 Nd4 27.Bg2 Qxa2 28.Kh2 e5 29.h5 Rb1
30.Qe3 Qc2 31.Be1 Qd1 32.h6 Qh5+ 33.Rh4 Qe2 34.Ba5 Qxe3 35.fxe3 Nf5 36.Ra4 Nxh6
37.Bd5 Kg7 38.g4 Rb2+ 39.Kg3 Rb1 40.Kg2 Rb2+ 41.Kh3 Rb1 42.Bd8 Rd1 43.Rxa6 Rxd3
44.Rxd6 Rxe3+ 45.Kg2 Nxg4 46.Bxf7 Kxf7 47.Bb6 c4 48.Bxe3 Nxe3+ 49.Kf3 Nf5
50.Rd7+ Ke6 51.Rxh7 c3 52.Rc7 c2 53.Ke2 Nd4+ 54.Kd2 g5 55.Rc8 Kf5 56.Rg8 g4
57.Rg7 Kf4 58.Rg6 f5 59.Rh6 g3 60.Rh4+ Kf3 61.Rh3 Kf2 62.Rh5 g2 63.Rg5 Nf3+  0-1

[Event "TCh-ISR"]
[Site "Israel ISR"]
[Date "2008.04.04"]
[Round "6"]
[White "Katzir,M"]
[Black "Zaslavsky,M"]
[Result "1-0"]
[WhiteElo "2279"]
[BlackElo "2326"]

1.e4 c5 2.Nf3 Nc6 3.Bb5 g6 4.Bxc6 dxc6 5.d3 Bg7 6.Nc3 Nf6 7.Be3 Nd7 8.Qd2 h6
9.O-O e5 10.Ne2 Qe7 11.a4 b6 12.c3 Nf6 13.h3 Ba6 14.c4 Nh5 15.a5 f5 16.axb6 axb6
17.exf5 gxf5 18.Ng3 Qf7 19.Rfe1 Kf8 20.Nxh5 Qxh5 21.Nxe5 Bxe5 22.Bxc5+ bxc5
23.Rxe5 Rh7 24.Qf4 Rf7 25.Re6 Kg7 26.Qe5+ Kh7 27.Rxc6 Bb7 28.Rxa8 Bxa8 29.Rc8 Rg7
30.Rxa8 Qd1+ 31.Kh2 Qxd3 32.Rf8 Qe4 33.Qxf5+ Qxf5 34.Rxf5 Rb7 35.Rxc5 Rxb2
36.Kg3  1-0

[Event "TCh-ISR"]
[Site "Israel ISR"]
[Date "2008.04.04"]
[Round "6"]
[White "Shklovski,Vl"]
[Black "Mayo,O"]
[Result "1-0"]
[WhiteElo "2287"]
[BlackElo "2197"]

1.e4 c5 2.Nf3 Nc6 3.Bb5 g6 4.O-O Bg7 5.c3 Nf6 6.e5 Nd5 7.d4 cxd4 8.cxd4 O-O
9.Nc3 Nc7 10.Bf4 Nxb5 11.Nxb5 a6 12.Nc3 d6 13.exd6 Bg4 14.d5 Nd4 15.Qe1 e5
16.Nxe5 Nc2 17.Qd2 Bxe5 18.Bxe5 Nxa1 19.Rxa1 f6 20.Bf4 Bf5 21.Qd4 Re8 22.f3 g5
23.Bg3 Kf7 24.Ne4 Kg6 25.Rf1 Rf8 26.Nc5 Qb6 27.Re1 Rae8 28.Re7 Rxe7 29.dxe7 Rc8
30.d6 Qc6 31.h4 Bd7 32.Ne4  1-0

[Event "ch-SRB w"]
[Site "Kac SRB"]
[Date "2008.04.04"]
[Round "7"]
[White "Mladenovic,J"]
[Black "Stojanovic,An"]
[Result "1/2-1/2"]
[WhiteElo "2114"]
[BlackElo "2310"]

1.e4 c5 2.Nf3 Nc6 3.Bb5 d6 4.O-O Bd7 5.Re1 Nf6 6.c3 a6 7.Bf1 Bg4 8.d3 e6
9.Nbd2 Be7 10.Be2 Qc7 11.Nf1 O-O 12.Ng3 d5 13.exd5 Nxd5 14.h3 Bxf3 15.Bxf3 Rad8
16.Be4 Rfe8 17.Qf3 g6 18.Bxd5 Rxd5 19.Bf4 Qd7 20.Rad1 Rd8 21.Ne4 Rxd3 22.Rxd3 Qxd3
23.Be3 f5 24.Nxc5 Bxc5 25.Bxc5 Qxf3 26.gxf3 e5 27.Kf1 Kf7 28.Ke2 Ke6 29.a4 Rd5
30.b4 a5 31.Rb1 f4 32.Bb6 axb4 33.cxb4 Nd4+ 34.Bxd4 Rxd4 35.a5 Kd5 36.b5 Kc5
37.a6 bxa6 38.bxa6 Ra4 39.Rb7 h5 40.a7 Kd5 41.Rg7 e4 42.fxe4+ Kxe4 43.f3+ Kf5  1/2-1/2

[Event "TCh-RUS w"]
[Site "Dagomys RUS"]
[Date "2008.04.05"]
[Round "4"]
[White "Manakova,I"]
[Black "Bannikova,A"]
[Result "1-0"]
[WhiteElo "2178"]
[BlackElo "2190"]

1.e4 c5 2.Nf3 Nc6 3.Bb5 g6 4.Bxc6 dxc6 5.O-O Bg7 6.h3 e5 7.d3 Ne7 8.Nh2 Be6
9.Be3 b6 10.Nc3 c4 11.dxc4 Bxc4 12.Qxd8+ Rxd8 13.Rfd1 O-O 14.b3 Be6 15.a4 f5
16.Bg5 Kf7 17.f3 Bf6 18.Be3 Nc8 19.a5 b5 20.a6 Rxd1+ 21.Nxd1 Bd8 22.Nb2 Bb6
23.Kf2 Rd8 24.Nd3 Kf6 25.Ke2 Bd4 26.Rd1 Bxe3 27.Kxe3 Nb6 28.g4 f4+ 29.Ke2 Rd6
30.h4 Nd7 31.Ra1 c5 32.Ra5 c4 33.bxc4 Bxc4 34.g5+ Ke6 35.Ng4 Bxd3+ 36.cxd3 Rb6
37.Kd2 Kd6 38.Kc3 b4+ 39.Kb2 Nc5 40.Nxe5 Kxe5 41.Rxc5+ Kd4 42.Rd5+ Ke3 43.e5 Kxf3
44.Rd6 Rb8 45.Rd7 Ke3 46.Rxa7 Kxd3 47.Rd7+ Ke4 48.a7 Ra8 49.e6 f3 50.e7 f2
51.Rd8  1-0

[Event "Match"]
[Site "Bar MNE"]
[Date "2008.04.07"]
[Round "1"]
[White "Predojevic,B"]
[Black "Djukic,Ni"]
[Result "1/2-1/2"]
[WhiteElo "2641"]
[BlackElo "2543"]

1.e4 c5 2.Nf3 Nc6 3.Bb5 g6 4.O-O Bg7 5.Re1 e5 6.Bxc6 dxc6 7.d3 Qe7 8.Nbd2 Nf6
9.Nc4 Nd7 10.a4 b6 11.Bd2 O-O 12.a5 Ba6 13.axb6 axb6 14.b3 Rfb8 15.Bc3 f6
16.Qb1 Bb7 17.Qb2 Bf8 18.g3 Qe6 19.Nh4 b5 20.Ne3 Bd6 21.Nhg2 Bc7 22.Rf1 Rxa1
23.Qxa1 Ra8 24.Qd1 Ba5 25.Bb2 Bb6 26.Kh1 Rf8 27.f4 exf4 28.gxf4 Qh3 29.Rf3 Qh5
30.Qf1 Bc7 31.Kg1 Bc8 32.h3 Nb6 33.f5 gxf5 34.Nxf5 Bxf5 35.Rxf5 Qxh3 36.Qf3 Qxf3
37.Rxf3 Nd7 38.Ne3 Kf7 39.Rh3 Rh8 40.Kf2 h5 41.Nf5 Bf4 42.Rh1 Nb6 43.Kf3 Bg5
44.Ra1 Ra8 45.Rxa8 Nxa8 46.Nd6+ Ke7 47.Nb7 c4 48.bxc4 bxc4 49.Ba3+ Ke6 50.dxc4 Nb6
51.Na5 Kd7 52.Bb2 Nc8 53.e5 fxe5 54.Bxe5 Nd6 55.Bxd6 Kxd6 56.Nxc6  1/2-1/2

[Event "TCh-RUS w"]
[Site "Dagomys RUS"]
[Date "2008.04.08"]
[Round "7"]
[White "Muzychuk,M"]
[Black "Cmilyte,V"]
[Result "1/2-1/2"]
[WhiteElo "2387"]
[BlackElo "2467"]

1.e4 c5 2.Nf3 Nc6 3.Bb5 g6 4.O-O Bg7 5.c3 Nf6 6.d4 Nxe4 7.d5 Nb8 8.Re1 Nf6
9.d6 e6 10.Be3 b6 11.b4 cxb4 12.cxb4 Bb7 13.Nc3 O-O 14.Rc1 Nc6 15.a3 a5 16.bxa5 Rxa5
17.a4 Na7 18.Be2 Nd5 19.Nxd5 Rxd5 20.Qb3 Nc8 21.Red1 Rxd6 22.Rxd6 Nxd6 23.Bxb6 Qa8
24.a5 Ba6 25.Qd1 Nb7 26.Rc2 d5 27.Kf1 Bxe2+ 28.Qxe2 Nd6 29.Ne5 Rc8 30.f4 Rxc2
31.Qxc2 Bxe5 32.fxe5 Nc4 33.Qf2 Nxe5 34.h3 Nc4 35.Qc5 Qb7 36.Qc7 Qxc7 37.Bxc7 Nxa5
38.Bxa5 f6 39.g4 Kf7 40.g5 e5 41.gxf6 Kxf6 42.Kf2 g5 43.Ke3 Kf5 44.Be1 h5
45.Bg3 h4 46.Bh2 e4 47.Bc7 g4 48.hxg4+ Kxg4 49.Be5 Kh3 50.Kf2 Kg4 51.Ke3 Kf5
52.Bc7 Ke6 53.Bd8 h3 54.Bc7 Kd7 55.Bg3 Kc6 56.Bh2 Kc5 57.Bg3 Kc4 58.Bf4 Kc3
59.Be5+ Kc2 60.Bf4 Kd1 61.Bg3  1/2-1/2

[Event "Match"]
[Site "Bar MNE"]
[Date "2008.04.09"]
[Round "3"]
[White "Predojevic,B"]
[Black "Djukic,Ni"]
[Result "1-0"]
[WhiteElo "2641"]
[BlackElo "2543"]

1.e4 c5 2.Nf3 Nc6 3.Bb5 g6 4.O-O Bg7 5.Re1 e5 6.Bxc6 dxc6 7.d3 Qe7 8.Nbd2 Nf6
9.Nc4 Nd7 10.a4 Nb6 11.Na5 f6 12.Be3 Bg4 13.h3 Be6 14.Qd2 O-O-O 15.Qc3 Bf8
16.Nd2 g5 17.Ndc4 Nxc4 18.Nxc4 Rg8 19.Qa5 b6 20.Qa6+ Kb8 21.Nxb6 axb6 22.Qxb6+ Kc8
23.Qxc6+ Kb8 24.Qb6+ Kc8 25.Bxc5 Rd6 26.Bxd6 Qxd6 27.a5 Qxb6 28.axb6 Bc5
29.Ra7 Bxb6 30.Re7 Bd7 31.Ra1 Kc7 32.Rxh7 Kd6 33.b4 Bc8 34.c4 Bd4 35.Ra8 Bc3
36.c5+ Kc6 37.Rb8  1-0

[Event "TCh-RUS w"]
[Site "Dagomys RUS"]
[Date "2008.04.11"]
[Round "9"]
[White "Semenova,E"]
[Black "Kuzevanova,E"]
[Result "1/2-1/2"]
[WhiteElo "2038"]
[BlackElo "2206"]

1.e4 c5 2.Nf3 Nc6 3.Bb5 g6 4.O-O Bg7 5.c3 a6 6.Bxc6 dxc6 7.d4 cxd4 8.Nxd4 Qc7
9.Be3 Nf6 10.f3 O-O 11.a4 Rd8 12.Qe2 a5 13.Qf2 b6 14.Na3 Ba6 15.Rfd1 Nd7
16.Ne2 c5 17.Nf4 e6 18.Nb5 Bxb5 19.axb5 Ne5 20.Qe2 Bf8 21.Nh3 c4 22.Nf2 Bc5
23.f4 Bxe3 24.Qxe3 Nd3 25.Nxd3 cxd3 26.Rxd3 Rxd3 27.Qxd3 Qxf4 28.Rf1 Qc7
29.Rd1 Qc5+ 30.Kh1 Rc8 31.h3 a4 32.Qd7 a3 33.bxa3 Qxc3 34.Qb7 Qc5 35.a4 Rf8
36.Qd7 Qc2 37.Rd6 Qxa4 38.Rxb6 Qa1+ 39.Kh2 Qe5+ 40.Kh1 Qxe4 41.Rb7 Qe1+ 42.Kh2 e5  1/2-1/2

[Event "82nd ch-ARG s/f"]
[Site "Buenos Aires ARG"]
[Date "2008.04.12"]
[Round "3"]
[White "Sola,R"]
[Black "Alonso,S"]
[Result "0-1"]
[WhiteElo "2321"]
[BlackElo "2420"]

1.e4 c5 2.Nf3 Nc6 3.Bb5 e6 4.O-O Nge7 5.Re1 a6 6.Bf1 d5 7.d3 h6 8.a4 g6 9.Na3 Bg7
10.c3 O-O 11.e5 g5 12.d4 cxd4 13.cxd4 f6 14.exf6 Bxf6 15.Nc2 Nf5 16.g4 Nd6
17.Bd3 Bg7 18.b3 Qf6 19.Kg2 Ne4 20.Bxe4 dxe4 21.Rxe4 b6 22.Ba3 Rf7 23.Bd6 Bb7
24.Qe2 Rd8 25.Bg3 Nxd4 26.Ncxd4 Rxd4 27.Re3 Rd2  0-1

[Event "6th V.Nabokov Mem"]
[Site "Kyiv UKR"]
[Date "2008.04.13"]
[Round "11"]
[White "Kochetkov,G"]
[Black "Shishkin,Va UKR"]
[Result "0-1"]
[WhiteElo "2386"]
[BlackElo "2510"]

1.e4 c5 2.Nf3 Nc6 3.Bb5 g6 4.Bxc6 bxc6 5.O-O Bg7 6.Re1 d6 7.h3 Qc7 8.c3 f5
9.exf5 Bxf5 10.d4 cxd4 11.Nxd4 e5 12.f4 Ne7 13.fxe5 Bxe5 14.Bg5 O-O 15.Bxe7 Qxe7
16.Nxc6 Qf6 17.Nxe5 dxe5 18.Qd5+ Be6 19.Qxe5 Qf2+ 20.Kh1 Rae8 21.Qe2 Qxe2
22.Rxe2 Rf1+ 23.Kh2 Kf7 24.g4 Bd5 25.Rxe8 Kxe8 26.a4 Be4 27.Nd2 Rxa1 28.Nxe4 Ra2
29.Kg3 Rxb2 30.Kf4 Rh2 31.Ke5 Rxh3 32.g5 Ke7 33.a5 Rf3 34.a6 Rf5+ 35.Kd4 Ke6
36.c4 Rf4 37.Ke3 Ke5 38.Nd6 Rg4 39.Kf3 Rd4 40.Nb5 Rxc4 41.Nxa7 Ra4  0-1

[Event "4th Open"]
[Site "Rhone FRA"]
[Date "2008.04.14"]
[Round "4"]
[White "Fargere,Fr"]
[Black "Vuiton,S"]
[Result "1-0"]
[WhiteElo "2367"]
[BlackElo "2047"]

1.e4 c5 2.Nf3 Nc6 3.Bb5 Nd4 4.Nxd4 cxd4 5.c3 Qb6 6.Qe2 e6 7.O-O Nf6 8.Bd3 Be7
9.e5 Nd5 10.Qg4 g5 11.Be4 h5 12.Qd1 Nf4 13.d3 Ng6 14.Bxg6 fxg6 15.Qe2 dxc3
16.Nxc3 Qc6 17.Ne4 g4 18.Bg5 Bxg5 19.Nxg5 b6 20.Ne4 O-O 21.Rac1 Qb5 22.Nf6+ Kg7
23.Rc7  1-0

[Event "4th Open"]
[Site "Rhone FRA"]
[Date "2008.04.15"]
[Round "6"]
[White "Fargere,Fr"]
[Black "Sellami,M"]
[Result "1-0"]
[WhiteElo "2367"]
[BlackElo "2168"]

1.e4 c5 2.Nf3 Nc6 3.Bb5 g6 4.O-O Bg7 5.Re1 Nf6 6.e5 Nd5 7.Nc3 Nc7 8.Bxc6 dxc6
9.Ne4 b6 10.Nf6+ Kf8 11.Ne4 Ne6 12.d3 h6 13.h3 Kg8 14.Qe2 Kh7 15.Bd2 Qd7
16.Rad1 Nd4 17.Nxd4 cxd4 18.f4 Rf8 19.Rf1 Qd5 20.b3 f5 21.Nf2 c5 22.Kh2 Bb7
23.Rg1 Rf7 24.c4 Qe6 25.b4 cxb4 26.Bxb4 g5 27.Bd2 gxf4 28.Bxf4 Rg8 29.Rde1 Bf8
30.Nh1 Rfg7 31.Ng3 Qg6 32.Rb1 Qc6 33.Rb2 Rf7 34.Nh5 Bg7 35.Qf2 Bh8 36.Qxd4 Qg6
37.Ng3 h5 38.Qf2 h4 39.Nf1 Qh5 40.d4 Rfg7 41.d5 e6 42.Ne3 Rg3 43.Rd2 Qg6
44.Kh1 Bg7 45.Bxg3 hxg3 46.Qf4 Bh6 47.Qh4 Qe8 48.dxe6  1-0

[Event "Copenhagen Chess Challenge"]
[Site "Ballerup DEN"]
[Date "2008.04.18"]
[Round "5"]
[White "Pallesen,Ja"]
[Black "Brauner,J"]
[Result "1/2-1/2"]
[WhiteElo "2038"]
[BlackElo "1920"]

1.e4 c5 2.Nf3 Nc6 3.Bb5 e6 4.Bxc6 bxc6 5.e5 g6 6.O-O Bg7 7.Nc3 Qc7 8.Re1 f6
9.exf6 Nxf6 10.d3 O-O 11.Be3 d6 12.Qd2 Bd7 13.Rab1 Rab8 14.b3 Ng4 15.Bg5 d5
16.h3 Rxf3 17.hxg4 Rf7 18.Bh4 Rbf8 19.Bg3 Qa5 20.Ne4 Qxd2 21.Nxd2 e5 22.f3 Re8
23.b4 cxb4 24.Rxb4 e4 25.Rb7 exd3  1/2-1/2

[Event "ch-Nordic Girls U20"]
[Site "Haraldsheim NOR"]
[Date "2008.04.18"]
[Round "1"]
[White "Kristinardottir,E"]
[Black "Tjolsen,K"]
[Result "0-1"]
[WhiteElo "1781"]
[BlackElo "2066"]

1.e4 c5 2.Nf3 Nc6 3.Bb5 d6 4.Bxc6+ bxc6 5.O-O e5 6.c3 f5 7.Qa4 Qc7 8.exf5 Bxf5
9.d4 e4 10.Nh4 Bd7 11.Re1 d5 12.Nf3 Nf6 13.h3 Bd6 14.Bg5 O-O 15.Nfd2 h6 16.dxc5 Bh2+
17.Kh1 hxg5  0-1

[Event "4th Open"]
[Site "Rhone FRA"]
[Date "2008.04.18"]
[Round "9"]
[White "Bjarnason,O"]
[Black "Lacour,S"]
[Result "1/2-1/2"]
[WhiteElo "2263"]
[BlackElo "2150"]

1.Nf3 c5 2.e4 Nc6 3.Bb5 g6 4.Bxc6 dxc6 5.d3 Bg7 6.h3 Nf6 7.Nc3 Nd7 8.Be3 e5
9.Qd2 h6 10.O-O Qe7 11.Nh2 Nf8 12.Ne2 Ne6 13.a3 b6 14.b4 f5 15.exf5 gxf5
16.f4 exf4 17.Nxf4 Nxf4 18.Bxf4 Bxa1 19.Rxa1 Be6 20.bxc5 Qxc5+ 21.d4 Qd5
22.Nf3 O-O-O 23.Bxh6 Rdg8 24.Kh2 f4 25.Qxf4 Bxh3 26.gxh3 Qe6 27.Re1 Qxh6  1/2-1/2

[Event "ch-Nordic Girls U20"]
[Site "Haraldsheim NOR"]
[Date "2008.04.19"]
[Round "3"]
[White "Kristinardottir,E"]
[Black "Holen,L"]
[Result "1/2-1/2"]
[WhiteElo "1781"]
[BlackElo "1878"]

1.e4 c5 2.Nf3 Nc6 3.Bb5 g6 4.Bxc6 bxc6 5.O-O Bg7 6.Re1 Nf6 7.d3 Qc7 8.Nc3 d5
9.Bg5 Be6 10.Bh4 O-O 11.exd5 cxd5 12.Qd2 Rad8 13.Ng5 Bc8 14.Bg3 Qb7 15.Rab1 Rfe8
16.h3 Qc6 17.Re2 Rd7 18.Nf3 Rb7 19.b3 Bf5 20.Nh4 d4 21.Nxf5 dxc3 22.Nh6+ Bxh6
23.Qxh6 Nh5 24.Be5 f6 25.Bxc3 e5 26.Qe3 Nf4 27.f3 Nxe2+ 28.Qxe2 Rc8 29.Re1 Qb6
30.Kh1 Re7 31.Qe4 Rce8 32.Qd5+ Qe6 33.Qxe6+ Rxe6 34.Re4 Ra6 35.a4 Kf7 36.Kg1 Rc6
37.Kf2 Ke6  1/2-1/2

[Event "26th Metz Open"]
[Site "Metz St Symphorien FRA"]
[Date "2008.04.21"]
[Round "3"]
[White "Wonner,F"]
[Black "Lalic,B"]
[Result "0-1"]
[WhiteElo "1855"]
[BlackElo "2514"]

1.e4 c5 2.Nf3 Nc6 3.Bb5 e6 4.O-O Nge7 5.c3 a6 6.Ba4 c4 7.Qe2 b5 8.Bc2 Ng6
9.a4 Rb8 10.d4 cxd3 11.Bxd3 Qb6 12.Na3 b4 13.Be3 Qc7 14.Nc4 Nf4 15.Bxf4 Qxf4
16.e5 f5 17.Qe3 Qxe3 18.Nxe3 Bc5 19.Nc4 Ne7 20.cxb4 Rxb4 21.Rfc1 Nc6 22.Rc3 Ke7
23.Bf1 Bb7 24.Ne1 Bd4 25.Rc2 Ba8 26.Ra3 Nxe5 27.Nxe5 Bxe5 28.Nd3 Re4 29.Nxe5 Rxe5
30.Bxa6 Re1+ 31.Bf1 Rb8 32.a5 Rb1 33.a6 R8xb2 34.Rc8 Bd5 35.a7 Rd2 36.a8=Q Bxa8
37.Raxa8 Rdd1 38.Re8+ Kf6  0-1

[Event "IX EICC"]
[Site "Plovdiv BUL"]
[Date "2008.04.21"]
[Round "1"]
[White "Bojkov,D"]
[Black "Socko,B"]
[Result "1/2-1/2"]
[WhiteElo "2492"]
[BlackElo "2644"]

1.e4 c5 2.Nf3 Nc6 3.Bb5 e6 4.O-O Nge7 5.b3 Ng6 6.Bb2 Qc7 7.Re1 f6 8.Bf1 b6
9.c3 Be7 10.d4 O-O 11.Na3 cxd4 12.cxd4 d5 13.Rc1 Bb7 14.exd5 exd5 15.Nc2 Qd7
16.Ba3 Bxa3 17.Nxa3 Rae8 18.Qd2 Re7 19.Nc2 Rfe8 20.Rxe7 Ncxe7 21.Ne3  1/2-1/2